BYU - Statistics

General Stats
  • This quiz has been taken 49 times
  • The average score is 12 of 15
Answer Stats
Hint Answer % Correct
What does BYU stand for Brigham Young University
100%
Team name Cougars
100%
State located in Utah
100%
Main rival Utah
100%
City in that state BYU is located in Provo
97%
Mascot who does crazy stunts and has broken records Cosmo
84%
Religion Church of Jesus Christ of Latter-Day Saints
77%
Religion of the above Jewish
74%
Football coach since 2015 Kalani Sitake
74%
Football QB (2024) Jake Retzlaff
71%
Basketball coach (Hint: formerly coached NBA) Kevin Young
65%
National championship year (Football) 1984
61%
Year established 1875
58%
Alumni, Utah Senator, and presidential canditate in 2008 and 2012 Mitt Romney
58%
Race that BYU has the highest percentage of in the continental US Pacific Islander
48%
No matching quizzes found
Score Distribution
Percent of People with Each Score
Percentile by Number Answered
Your Score History
You have not taken this quiz